CHARAK SAMHITA (Record no. 8732)

MARC details
000 -LEADER
fixed length control field 00292nam a22001337a 4500
003 - CONTROL NUMBER IDENTIFIER
control field SGT
082 ## - DEWEY DECIMAL CLASSIFICATION NUMBER
Classification number 615.53
Item number C15T
100 ## - MAIN ENTRY--PERSONAL NAME
Personal name TRIPATHI,BRAHMANAND
245 ## - TITLE STATEMENT
Title CHARAK SAMHITA
260 ## - PUBLICATION, DISTRIBUTION, ETC. (IMPRINT)
Place of publication, distribution, etc VARANASI
Name of publisher, distributor, etc CHAUKHAMBHA PUB
Year of Publication 2015
300 ## - PAGE DESCRIPTION
No. of Pages 1480
650 ## - SUBJECT ADDED ENTRY--TOPICAL TERM
Topical term or geographic name as entry element CHARAK SAMHITA
942 ## - ADDED ENTRY ELEMENTS (KOHA)
Source of classification or shelving scheme Dewey Decimal Classification
Koha item type Books
942 ## - ADDED ENTRY ELEMENTS (KOHA)
-- 3
Holdings
Withdrawn status Lost status Source of classification or shelving scheme Damaged status Not for loan Collection code Home library Current library Shelving location Date acquired Vendor Name Cost, normal purchase price Volume Information (Serial or Books or Non-Book Material) SGTU Bill Number Total Checkouts Full call number Accession No. (Barcode) Date last seen Date last borrowed Bill Date Koha item type Use restrictions
    Dewey Decimal Classification     AYURVEDA SGT FA-FP Library SGT FA-FP Library Text Book 02/04/2016 CHAUKHAMBHA 600.00 2 SGTU 1079 8 615.53 C15T FA4982 28/03/2024 28/03/2024 10/02/2016 Books  
    Dewey Decimal Classification     AYURVEDA SGT FA-FP Library SGT FA-FP Library Reference Book 02/04/2016 CHAUKHAMBHA 600.00 2 SGTU 1079 1 615.53 C15T FA4983 30/04/2024 25/04/2024 10/02/2016 Books Restricted Access